000 00869nam a22002417a 4500
005 20120925112412.0
008 120925t xxu||||| |||| 00| 0 eng d
010 _aENG-105959
020 _c850.00
_a9789380833712
035 _aEN-89492
037 _bDBAD/PUB
040 _aDPL
_bEnglish
100 _949115
245 _aEconomic recession and impacts /
_cedited by R.K. Gupta [and] A.K. Sharma
260 _aNew Delhi
_bGlobal Publications
_c2012
270 _bNew Delhi
_a4378/4B,G-4 JMD House, Murari Lal Street, Ansari Road, Daryaganj
_e110002
_mglobalpublications4u@gmail.com
300 _avi,280p.
_c23cm(Hb)
500 _aIncludes index
700 _aGupta, R.K.
_952597
700 _aSharma, A.K.
_952598
942 _2ddc
_cEN
_mECO
999 _c70262
_d70262